000 00379nam a2200157 i 4500
001 bg
245 0 0 _aNarzędzia.
_nT.1,
_pNarzędzia metalowe do skrawania metali.
260 _aWarszawa,
_c1979.
490 1 _aKatalog SWW - 0641
830 _aKatalog SWW - 0641
040 _cBPK
041 _apol
080 _a621.9
942 _cKA
008 s pl f |000 0 pol
999 _c305
_d305
856 _uhttp://koha.tu.koszalin.pl/cgi-bin/koha/opac-detail.pl?biblionumber=305
_yKatalog online BPK